000 00306nam a22001457a 4500
008 230508b ||||| |||| 00| 0 eng d
020 _a9780313327650
041 _aeng
080 _a94
082 _a94BUT
100 _a28
101 _aHISTORI
245 _aWORLD HISTORY
_cBUTT.J.J
942 _2udc
_cBK
999 _c59663
_d59663